000
00294nam a22001337a 4500
082
_a
001
_b
SAT/W
100
_a
SATHEESAN
245
_a
WORLD FAMOUS WOMEN
250
_a
FIRST
260
_a
THRISSUR
_b
H&C PUBLISHING HOUSE
_c
2009
300
_a
48
650
_a
FAMOUS WOMEN
_z
THRISSUR
942
_c
BK
999
_c
6393
_d
6393